[Event "GER-chT U14"]
[Site "Kelheim"]
[Date "2022.12.27"]
[Round "2"]
[White "Derr, Oleg"]
[Black "Ehrlich, Patrick"]
[Result "1-0"]
[WhiteElo "1517"]
[BlackElo "1522"]
[PlyCount "75"]
[EventDate "2022.12.26"]
[EventType "team-swiss"]
[EventRounds "7"]
[EventCountry "GER"]
[SourceTitle "CBM 212 Extra"]
[Source "ChessBase"]
[SourceDate "2023.03.31"]
[SourceVersion "1"]
[SourceVersionDate "2023.03.31"]
[SourceQuality "1"]
[WhiteTeam "Offenbach"]
[BlackTeam "Birkenfeld"]
[WhiteTeamCountry "GER"]
[BlackTeamCountry "GER"]

1. Nf3 d6 2. d4 Nf6 3. c4 g6 4. Nc3 Bg7 5. e4 0-0 6. Be2 Bg4 7. h3 Bxf3 8. Bxf3 Nc6 9. Be3 e5 10. d5 Ne7 11. g4 Nd7 12. h4 f5 13. gxf5 gxf5 14. Rg1 f4 15. Bd2 Kh8 16. h5 Rg8 17. Qe2 Bh6 18. 0-0-0 Nf6 19. Bg4 Rg5 20. Bf3 Qg8 21. Rxg5 Qxg5 22. Nb5 Ne8 23. Bc3 Rb8 24. Kb1 Qf6 25. Qd3 Bg5 26. Nd4 Ng7 27. Nb5 Ne8 28. Ba5 Rc8 29. Bg4 Rb8 30. Bxc7 Nxc7 31. Nxc7 h6 32. Ne6 b6 33. Qa3 Nc8 34. Qa4 Qe7 35. Qc6 Bh4 36. f3 Bg3 37. Nc7 Kg7 38. Na6 1-0

[Event "GER-ch U12"]
[Site "Willingen"]
[Date "2020.10.30"]
[Round "5"]
[White "Ehrlich, Patrick"]
[Black "Bondarcuks, Timurs"]
[Result "1-0"]
[WhiteElo "1448"]
[BlackElo "1198"]
[PlyCount "89"]
[EventDate "2020.10.26"]
[EventType "swiss"]
[EventRounds "7"]
[EventCountry "GER"]
[SourceTitle "CBM 199 Extra"]
[Source "ChessBase"]
[SourceDate "2021.01.31"]
[SourceVersion "1"]
[SourceVersionDate "2021.01.31"]
[SourceQuality "1"]

1. d4 Nf6 2. Nf3 g6 3. Nc3 Bg7 4. e4 d6 5. Be2 0-0 6. 0-0 Nbd7 7. Be3 e5 8. dxe5 dxe5 9. Qd2 b6 10. Rad1 Bb7 11. Bc4 Bxe4 12. Nxe4 Nxe4 13. Qxd7 Qxd7 14. Rxd7 Nd6 15. Rxc7 Nxc4 16. Rxc4 Rac8 17. Rxc8 Rxc8 18. c3 Rd8 19. Re1 Kf8 20. a4 Rd7 21. g3 f5 22. a5 bxa5 23. Bc5+ Kg8 24. Nxe5 Rd5 25. Bd4 Rb5 26. Nc4 Bxd4 27. cxd4 Rb4 28. Nxa5 Rxd4 29. Nc6 Rd2 30. Rb1 Rd7 31. b4 Rb7 32. b5 Rb6 33. Nxa7 Rb7 34. b6 Kf7 35. Nc6 Kg7 36. Na5 Rb8 37. b7 Kh6 38. Nc6 Re8 39. b8Q Rxb8 40. Rxb8 f4 41. gxf4 Kh5 42. Rh8 h6 43. Ne5 g5 44. fxg5 Kxg5 45. Nf7+ 1-0

[Event "GER-ch U12"]
[Site "Willingen"]
[Date "2020.10.30"]
[Round "6"]
[White "Ehrlich, Patrick"]
[Black "Schroeder, Jan Hendrik"]
[Result "0-1"]
[WhiteElo "1448"]
[BlackElo "1324"]
[PlyCount "62"]
[EventDate "2020.10.26"]
[EventType "swiss"]
[EventRounds "7"]
[EventCountry "GER"]
[SourceTitle "CBM 199 Extra"]
[Source "ChessBase"]
[SourceDate "2021.01.31"]
[SourceVersion "1"]
[SourceVersionDate "2021.01.31"]
[SourceQuality "1"]

1. d4 c5 2. dxc5 Na6 3. e4 Nxc5 4. Nc3 g6 5. Be3 d6 6. Bxc5 dxc5 7. Qxd8+ Kxd8 8. 0-0-0+ Kc7 9. a4 Be6 10. Nf3 Bg7 11. Ng5 Bxc3 12. Nxe6+ fxe6 13. bxc3 Nf6 14. f3 e5 15. Bc4 Rhd8 16. Rxd8 Rxd8 17. Rd1 Rxd1+ 18. Kxd1 Kb6 19. Kc1 Ka5 20. Bb3 c4 21. Bxc4 Kxa4 22. Kb2 g5 23. g4 h5 24. h3 h4 25. Bb3+ Kb5 26. Ka3 Kc5 27. Ka4 Nd7 28. Ka5 Nf8 29. Bd5 b6+ 30. Ka6 Ng6 31. Kxa7 Nf4 0-1